Statistics for Guess the City via the Image #1

Click here to take the quiz!

General Stats

  • This quiz has been taken 61 times
  • The average score is 11 of 13

Answer Stats

Answer% Correct
London
98%
Sydney
98%
Moscow
96%
Paris
96%
Washington D.C.
95%
New York
93%
Toronto
93%
Kuala Lumpur
84%
Rome
78%
Chicago
76%
Dubai
76%
Shanghai
69%
Berlin
55%

Score Distribution

Percentile by Number Answered

Percent of People with Each Score

Your Score History

You have not taken this quiz